Pokémon- Les nouveautés des générations - Statistiques

Statistiques générales
  • Ce quiz a été pris 42 fois
    25 depuis la dernière actualisation
  • Le résultat moyen est 48 sur 72
Statistiques - réponses
Question Tuile Select % Correct
...les nouveautés de la deuxième génération: Les CS Non
95%
...les nouveautés de la deuxième génération: Les échanges Non
95%
...les nouveautés de la deuxième génération: Le type Dragon Non
90%
...les nouveautés de la neuvième génération: Le Cherch'Objet Non
81%
...les nouveautés de la troisième génération: Le double type Non
81%
...les nouveautés de la troisième génération: Les Bébés Pokémon Non
81%
...les nouveautés de la septième génération: Les Cartes de Ligue Non
81%
...les nouveautés de la deuxième génération: Les Combats Duo Non
81%
...les nouveautés de la neuvième génération: Les CT utilisables à l'infini Non
81%
...les nouveautés de la deuxième génération: Les Oeufs Oui
81%
...les nouveautés de la neuvième génération: Des DLC Non
76%
...les nouveautés de la septième génération: Deux Team d'antagonistes Non
76%
...les nouveautés de la sixième génération: La Méga-Evolution Oui
76%
...les nouveautés de la neuvième génération: La Téracristallisation Oui
76%
...les nouveautés de la troisième génération: La version complémentaire aux deux versions du jeu de base Non
76%
...les nouveautés de la troisième génération: Le double type Non
76%
...les nouveautés de la huitième génération: Le Dynamax Oui
76%
...les nouveautés de la neuvième génération: Le mode "En avant!" Oui
76%
...les nouveautés de la neuvième génération: Le Motisma Dex Non
76%
...les nouveautés de la sixième génération: Les Batailles Royales Non
76%
...les nouveautés de la septième génération: Les Capacités Z Oui
76%
...les nouveautés de la quatrième génération: Le Souterrain Oui
76%
...les nouveautés de la deuxième génération: Les Pokémon chromatiques Oui
76%
...les nouveautés de la neuvième génération: Les Pokémon Paradoxe Oui
76%
...les nouveautés de la huitième génération: Les Rollers Non
76%
...les nouveautés de la huitième génération: Les Ultra-Chimères Non
76%
...les nouveautés de la septième génération: Le Tour des Iles Oui
76%
...les nouveautés de la huitième génération: L'Ultra Ball Non
76%
...les nouveautés de la septième génération: Un épisode spécial après la fin de l'histoire Non
76%
...les nouveautés de la neuvième génération: L'absence de Conseil 4 Non
71%
...les nouveautés de la troisième génération: La Plongée Oui
71%
...les nouveautés de la huitième génération: La rencontre avec le Maître de la Ligue avant la Ligue Non
71%
...les nouveautés de la septième génération: Le Motisma-Dex Oui
71%
...les nouveautés de la sixième génération: Le PC transportable Non
71%
...les nouveautés de la huitième génération: Le Poké Camping Oui
71%
...les nouveautés de la troisième génération: Les Concours Oui
71%
...les nouveautés de la septième génération: Les formes régionales de Pokémon Oui
71%
...les nouveautés de la cinquième génération: Les saisons Oui
71%
...les nouveautés de la troisième génération: Le type Acier Non
71%
...les nouveautés de la sixième génération: Le type Fée Oui
71%
...les nouveautés de la septième génération: Un Pokémon légendaire qui peut évoluer Oui
71%
...les nouveautés de la quatrième génération: La GTS Oui
67%
...les nouveautés de la quatrième génération: La Zone de Combat Non
67%
...les nouveautés de la huitième génération: Le Motismart Oui
67%
...les nouveautés de la cinquième génération: Le Pokémon Dream World Oui
67%
...les nouveautés de la deuxième génération: Les Baies Oui
67%
...les nouveautés de la cinquième génération: Les Combats Trio Oui
67%
...les nouveautés de la quatrième génération: Les revanches contre les PNJ Non
67%
...les nouveautés de la sixième génération: La 3D intégrale Oui
62%
...les nouveautés de la quatrième génération: La CS Cascade Non
62%
...les nouveautés de la cinquième génération: La poche "Médicaments" du Sac Non
62%
...les nouveautés de la cinquième génération: Le Heylink Oui
62%
...les nouveautés de la quatrième génération: Les Bases Secrètes Non
62%
...les nouveautés de la cinquième génération: Les Trouées Cachées Oui
62%
...les nouveautés de la quatrième génération: L'IV Non
62%
...les nouveautés de la sixième génération: La Poké-Récré Oui
57%
...les nouveautés de la cinquième génération: Le Music-Hall Oui
57%
...les nouveautés de la quatrième génération: Le Square Wi-Fi Oui
57%
...les nouveautés de la sixième génération: Le Système de Perfectionnement Virtuel (SPV) Oui
57%
...les nouveautés de la quatrième génération: La Filet Ball Non
52%
...les nouveautés de la troisième génération: La Honor Ball Oui
52%
...les nouveautés de la cinquième génération: Les Médailles Oui
48%
...les nouveautés de la huitième génération: Le pique-nique Non
43%
...les nouveautés de la sixième génération: Les Echanges Miracles Oui
43%
...les nouveautés de la deuxième génération: Le sexe des Pokémon Oui
43%
...les nouveautés de la deuxième génération: La météo Oui
38%
...les nouveautés de la troisième génération: La poche "Lettres" du Sac Non
38%
...les nouveautés de la sixième génération: Les troupeaux de Pokémon Non
33%
...les nouveautés de la huitième génération: Le Poké Service Oui
29%
...les nouveautés de la cinquième génération: Les ponts Oui
29%
...les nouveautés de la neuvième génération: Les Centres Pokémon en plein milieu des Routes Non
24%
...les nouveautés de la septième génération: Les Poké Montures Non
14%
Aucun quiz correspondant
Distribution des résultats
% des personnes avec chaque résultat
Percentile par nombre de réponses
Votre historique - résultats
Vous n’avez pas pris ce quiz depuis la dernière actualisation